Markets for clean air : (Registro nro. 2727)

Detalles MARC
000 -CABECERA
Campo de control 01073cam a2200265 i 4500
005 - FECHA Y HORA DE LA ULTIMA TRANSACCION
Campo de control 20160210194819.0
008 - ELEMENTOS DE LONGITUD FIJA—INFORMACION GENERAL
Campo de control 990609s2000 enka b 001 0 eng
020 ## - ISBN
ISBN 0521660831 (hardback : alk. paper)
040 ## - FUENTE DE CATALOGACIÓN
Agencia catalogadora original DLC
Agencia transcriptora DLC
Agencia Modificadora DLC
-- CO-BoIAVH
041 ## - IDIOMA
Código de idioma para texto/pista de sonido o título separado Inglés
042 ## - AUTHENTICATION CODE
Authentication code pcc
043 ## - GEOGRAPHIC AREA CODE
Geographic area code n-us---
082 04 - NUMERO DE CLASIFICACION DECIMAL DEWEY
Número de clasificación 363.7387
Número del ítem E45m
100 1# - ASIENTO PRINCIPAL--NOMBRE PERSONAL
Nombre personal Ellerman, A. Denny
9 (RLIN) 17172
245 10 - MENCION DE TITULO
Título Markets for clean air :
Parte restante del título the U.S. acid rain program /
Mención de responsabilidad A. Denny Ellerman y (otros cuatro autores).
260 ## - PUBLICACION, DISTRIBUCION, ETC. (PIE DE IMPRENTA)
Lugar de publicación, distribución, etc. Cambridge, UK ;
-- New York, NY :
Nombre del editor, distribuidor, etc. Cambridge University Press,
Fecha de publicación, distribución, etc. 2000.
300 ## - DESCRIPCION FISICA
Extensión xxi, 362 páginas ;
Dimensiones 24 cm.
504 ## - NOTA DE BIBLIOGRAFIA, ETC.
Nota de bibliografía Incluye referencias bibliográficas e índice.
650 14 - ASIENTO SECUNDARIO DE MATERIA - TERMINO TEMATICO
Término temático o nombre geográfico como elemento de entrada Administración de la calidad del aire
Subdivisión general Política gubernamental
Subdivisión geográfica Estados Unidos
9 (RLIN) 58835
650 24 - ASIENTO SECUNDARIO DE MATERIA - TERMINO TEMATICO
Término temático o nombre geográfico como elemento de entrada Control de calidad del aire
Subdivisión geográfica Estados Unidos
9 (RLIN) 58836
650 24 - ASIENTO SECUNDARIO DE MATERIA - TERMINO TEMATICO
Término temático o nombre geográfico como elemento de entrada Lluvia acida
Subdivisión general Aspectos ambientales
-- Política gubernamental
Subdivisión geográfica Estados Unidos
9 (RLIN) 58837
856 41 - LOCALIZACION Y ACCESO ELECTRONICOS
Especificación de los materiales Tabla de contenido
Identificador Uniforme del Recurso http://www.loc.gov/catdir/toc/cam026/99016913.html
942 ## - ELEMENTOS ADICIONALES (KOHA)
Sistema de clasificación Dewey Decimal Classification
Tipo de ítem Libro
Existencias
Withdrawn status Lost status Sistema de Clasificación Damaged status No para préstamo Colección Inventariado Ubicación Permanente Ubicación actual Fecha de adquisición Fuente de Valor Valor Total Checkouts Número topográfico Inventario / Código de Barras Date last seen Ejemplar Price effective from Forma de adquisición Tipo de material
    Dewey Decimal Classification     General Inventariado 2017 Bogotá Bogotá 14/06/2002 Instituto 39000.00   LB-363.7387 E45m 004927 04/12/2012 Ej. 1 04/12/2012 Compra Libro